Książę przygody

Titel: Książę przygody : biografia Ferdynanda Antoniego Ossendowskiego / Przemysław Słowiński
Verfasser:
Veröffentlicht: Warszawa : Wydawnictwo Zona Zero, [2022]
Umfang: 397 Seiten : Illustrationen ; 23 cm
Format: Buch
Sprache: Polnisch
Schlagworte:
ISBN: 9788366814448
Buchumschlag
X
alg: 50620213
001A    $03004:22-03-23 
001B    $03004:24-04-23 $t13:32:45.000 
001D    $03004:24-04-23 
001U    $0utf8 
001X    $00 
002@    $0Aau 
002C    $aText $btxt $2rdacontent 
002D    $aohne Hilfsmittel zu benutzen $bn $2rdamedia 
002E    $aBand $bnc $2rdacarrier 
003@    $0506202135 
004A    $A978-83-66814-44-8 
006C    $01339057754 $aOCoLC 
007A    $0BV048387783 $aBVB 
010@    $apol 
010E    $erda 
011@    $a2022 $n[2022] 
011F    $n©2022 
013D    $RBiograf $RLebenslauf $RBiografik $#Biographies $#Biography $#Biographies -- Histoire et critique $#Biographie $#Biographisches Nachschlagewerk $#Lebensbeschreibung $#Berühmte Persönlichkeit Biografie $#Biografisches Nachschlagewerk $74006804-3 $8Biografie [Ts1] $9085010375 
021A    $aKsiążę przygody $dbiografia Ferdynanda Antoniego Ossendowskiego $hPrzemysław Słowiński 
028A    $BVerfasser $4aut $71140665693 $8Słowiński, Przemysław$Z1959- [Tp3] $9417363915 
033A    $pWarszawa $nWydawnictwo Zona Zero 
034D    $a397 Seiten 
034I    $a23 cm 
034M    $aIllustrationen 
044A    $aOssendowski, Ferdynand Antoni / (1878-1945) $2dbn $S17 $N600 
044A    $aOssendowski, Ferdynand Antoni / (1878-1945) / biografie $2jhpk $S17 $N600 
044A    $aAzja $2dbn $S#7 $N651 
044A    $aPolska $2dbn $S#7 $N651 
044A    $aLiteratura polska $2dbn $S#7 $N650 
044A    $aPisarze polscy $2dbn $S#7 $N650 
044A    $aPodróżnicy $2dbn $S#7 $N650 
044K    $qBVB $#Ossendowski, Antoni F. $#Ossendowski, Antoni Ferdinand $#Ossendowski, Antoni Ferdynand $#Ossendowski, F. A. $#Ossendowski, F. Antoni $#Ossendowski, Ferd. Ant. $#Ossendowski, Ferdinand $#Ossendowski, Ferdinand A. $#Ossendowski, Ferdinand Anton $#Ossendowski, Ferdinand Antoni $#Ossendowski, Ferdynand $#Ossendowski, Ferdynand A. $#Ossendovskij, Ferdinand $#Ossendovskij, Ferdinand Antonij $#Ossendovskij, Anton M. $#Ossendovskij, A. M. $#Ossendofusuki $7120169118 $8Ossendowski, Ferdynand Antoni$Z1878-1945 [Tp1] $9087918625 
045F    $a809 $eDDC22BSB 
045F/01 $a809 
045F/03 $f09042 
045F/03 $f09034 
045F/03 $f09044 
045F/03 $f09041 
045F/03 $f09043 
045F/03 $g438 
045T    $aOST $qDE-12 $2FID 

lok: 50620213 24

exp: 50620213 24 1 #EPN
201B/01 $025-04-23 $t07:56:24.000 
201C/01 $022-03-23 
201U/01 $0utf8 
203@/01 $01229799796 
208@/01 $a25-04-23 $bz 
209A/01 $a23.01218 $du $f050 $h23 01218 $x00 
209C/01 $a23.01218 K $h23 01218 K 
209G/01 $a74399622 $x00 
220C/01 $abar/hae 
247C/01 $8358050-7 Marburg, Bibliothek des Herder-Instituts Marburg $9102600961 

lok: 50620213 78

exp: 50620213 78 1 #EPN
201B/01 $015-12-23 $t11:03:44.000 
201C/01 $015-12-23 
201U/01 $0utf8 
203@/01 $01251759165 
208@/01 $a15-12-23 $be 
209A/01 $a/ $f000 $x00 
209A/01 $ab*p $x01 
220C/01 $aeja 
244Z/01 $#Generalgouvernement Polen $#Polska $#Rzeczpospolita Polska $#Polska Rzeczpospolita Ludowa $#Poland $#Pologne $#République Polonaise $#Generalne Gubernatorstwo w Polsce $#Polish People's Republic $#Polska Rzeczpospolita Polen $#PRL $#RP $#Polen Generalgouvernement $#Polska Generalgouvernement $#Besetzte Polnische Gebiete $#Besetztes Gebiet in Polen $#Okupowane Polskie Obszary $#Obszary Okupowane w Polsce $#Volksrepublik Polen $#Polska Rosyjska $#Republic Polen $#Respublika Pol'ša $#Pol'skaja Narodnaja Respublika $#République de Pologne $#Polen Links der Weichsel $#Polska po Lewej Stronie Wisły $#Lenkija $#Polija $#Gubernija Carstva Pol'skago $#Republik Polen $74046496-9 $8--Tg1--Polen $x01 $9085129801 
244Z/01 $#Novelists $#Romanciers $#Authors $#Écrivains $#Dichter $#Literaturproduzent $#Literat $#Homme de lettres $74053309-8 $8--Tsz--Schriftsteller $x20 $9085148040 
247C/01 $82080>Marburg/Lahn, Herder-Institut, Forschungsbibliothek, Bibliographieportal $9336309341
LEADER 00000cam a2200000 c 4500
001 506202135
003 DE-603
005 20230424133245.0
007 tu
008 230322s2022 xx |||| | u00||u|pol c
020 |a 9788366814448 
035 |a (DE-599)BVBBV048387783 
040 |a DE-603  |b ger  |c DE-603  |d DE-603  |e rda 
041 |a pol 
082 0 4 |8 1\u  |a 809  |q DE-101  |2 22/BSB 
084 |a OST  |q DE-12  |2 fid 
085 |8 1\u  |b 809 
085 |8 1\u  |z 1  |s 09042 
085 |8 1\u  |z 1  |s 09034 
085 |8 1\u  |z 1  |s 09044 
085 |8 1\u  |z 1  |s 09041 
085 |8 1\u  |z 1  |s 09043 
085 |8 1\u  |z 2  |s 438 
100 1 |a Słowiński, Przemysław  |d 1959-  |e Verfasser  |4 aut  |0 (DE-603)417363915  |0 (DE-588)1140665693  |2 gnd 
245 0 0 |a Książę przygody  |b biografia Ferdynanda Antoniego Ossendowskiego  |c Przemysław Słowiński 
264 1 |a Warszawa  |b Wydawnictwo Zona Zero  |c [2022] 
264 4 |c ©2022 
300 |a 397 Seiten  |b Illustrationen  |c 23 cm 
336 |a Text  |b txt  |2 rdacontent 
337 |a ohne Hilfsmittel zu benutzen  |b n  |2 rdamedia 
338 |a Band  |b nc  |2 rdacarrier 
600 1 7 |a Ossendowski, Ferdynand Antoni  |d 1878-1945  |0 (DE-588)120169118  |0 (DE-603)087918625  |2 gnd 
655 7 |a Biografie  |2 gnd-content  |0 (DE-588)4006804-3  |0 (DE-603)085010375 
924 0 |9 Mb 50  |a (DE-603)1229799796  |b DE-Mb50  |c HES  |d c  |g 23.01218 
924 0 |9 2080  |a (DE-603)1251759165  |b DE-2080  |c HES  |d d  |g /